|
|
|
|
| LEADER |
00776nam a2200205 a 4500 |
| 008 |
090602s1975 ii 000 0 eng d |
| 082 |
0 |
0 |
|a 658.151
|2 17
|
| 999 |
|
|
|c 1231
|d 1231
|
| 999 |
|
|
|c 1231
|
| 100 |
1 |
|
|a Gupta, Ram Ram.
|9 1066
|
| 245 |
0 |
0 |
|a Advanced Accounting and Management Accounting /
|c Ram Ram Gupta & Vidya Saran Gupta
|
| 250 |
|
|
|a 12th ed.
|
| 260 |
0 |
|
|a Agra :
|b Agra Book Store,
|c 1975.
|
| 300 |
|
|
|a v, 600 p. ;
|c 29 cm.
|
| 541 |
1 |
|
|e 00001928
|
| 650 |
0 |
|
|a Managerial accounting.
|9 1050
|
| 700 |
1 |
|
|a Gupta,Vidya Saran.
|9 1067
|
| 852 |
4 |
|
|a Ayesha Abed Library
|j General shelf
|
| 942 |
|
|
|2 ddc
|c BK
|
| 952 |
|
|
|0 0
|1 0
|2 ddc
|4 0
|6 658_151000000000000_GUP
|7 0
|9 14451
|a BRACUL
|b BRACUL
|c GEN
|d 2011-02-26
|g 0.00
|l 0
|o 658.151 GUP
|p 3010001928
|r 2011-02-26
|t 1
|w 2011-02-26
|y BK
|z Not price in Register
|